Geo-Environment and Sustainable Development: (Record no. 167055)
[ view plain ]
| 000 -LEADER | |
|---|---|
| fixed length control field | 00669nam a22001817a 4500 |
| 010 ## - LCCN (DPL NO) | |
| LC control number | ENG-126238 |
| 020 ## - INTERNATIONAL STANDARD BOOK NUMBER | |
| International Standard Book Number | 978-93-8676-174-3 |
| Terms of availability | 995.00 |
| 035 ## - SYSTEM CONTROL NUMBER | |
| System control number | EN-109770 |
| 037 ## - SOURCE OF ACQUISITION | |
| Source of stock number/acquisition | DBAD/PUB |
| 082 ## - DEWEY DECIMAL CLASSIFICATION NUMBER | |
| Classification number | 550 |
| 100 ## - MAIN ENTRY--PERSONAL NAME | |
| Personal name | Kaul,B.L. |
| 245 ## - TITLE STATEMENT | |
| Title | Geo-Environment and Sustainable Development: |
| Statement of responsibility, etc | by B.L. Kaul |
| Remainder of title | Some Case Studies/ |
| 260 ## - PUBLICATION, DISTRIBUTION, ETC. (IMPRINT) | |
| Place of publication, distribution, etc | New Delhi |
| Name of publisher, distributor, etc | Ane Books Pvt.Ltd |
| Date of publication, distribution, etc | 2018 |
| 270 ## - ADDRESS | |
| Address | 4821,Parwana Bhawan, 1st Floor,24Ansari road, Dariyaganj |
| City | New Delhi |
| Postal code | 110002 |
| Telephone number | +91(011) 23276843-44, |
| Fax number | +91(011) 23276863 |
| Electronic mail address | kapoor@anebooks.com |
| 300 ## - PHYSICAL DESCRIPTION | |
| Extent | 162p. |
| Other physical details | 20cm(pbk) |
| Dimensions | ill |
| 500 ## - GENERAL NOTE | |
| General note | it includes Index and Bibliography |
| 942 ## - ADDED ENTRY ELEMENTS (KOHA) | |
| Source of classification or shelving scheme | Dewey Decimal Classification |
| Item type | English Books |
| Classification part | 550 |
| Call number suffix | KAU |
| Withdrawn status | Lost status | Not for loan | Collection code | Home library | Current library | Date acquired | Source of acquisition | Cost, normal purchase price | Full call number | Barcode | Copy number | Cost, replacement price | Koha item type |
|---|---|---|---|---|---|---|---|---|---|---|---|---|---|
| Non-fiction | Ashok Vihar | Ashok Vihar | 20/08/2019 | DBAD/PUB | 995.00 | 550 KAU | EN-109770 | 1 | 995.00 | English Books |
